00625nam a2200217Ia 4500003000400000005001700004008004100021020001900062040000700081041000800088082001600096100002200112245003200134260002000166300000900186650002200195700002700217942001300244999001900257952013100276OSt20251212120507.0250729s2005 xx 000 0 und d a978-8174884947 cAL aeng a301.07 NANS aNanda V K9226985 aSocialisation and education aNew Delhic2005 a196p aSociology9226986 aRao Digumurthi9226987 2ddccBED c237491d237491 00104070aALbALd2025-07-29eSita Book Houseg450.00l0o301.07 NANSpBED02810r2025-07-29 16:55:46v450.00w2025-07-29yBK